1200 câu giao tiếp Hoa- Việt Có kèm sách
Gespeichert in:
| 1. Verfasser: | |
|---|---|
| Format: | Buch |
| Sprache: | Undetermined |
| Veröffentlicht: |
University Pres
|
| Schlagworte: | |
| Tags: |
Tag hinzufügen
Keine Tags, Fügen Sie den ersten Tag hinzu!
|
| Thư viện lưu trữ: | Trung tâm Học liệu Trường Đại học Cần Thơ |
|---|
| LEADER | 00542nam a2200193Ia 4500 | ||
|---|---|---|---|
| 001 | CTU_102052 | ||
| 008 | 210402s9999 xx 000 0 und d | ||
| 020 | |c 13500 | ||
| 082 | |a 495.1 | ||
| 082 | |b B312/CD1 | ||
| 100 | |a Quan, Bình | ||
| 245 | 0 | |a 1200 câu giao tiếp Hoa- Việt | |
| 245 | 0 | |b Có kèm sách | |
| 245 | 0 | |c Quan Bình, Ngọc Lân | |
| 260 | |a University Pres | ||
| 650 | |a Chinese language,Vietnamese language | ||
| 904 | |i M.Loan | ||
| 915 | |a 400 | ||
| 980 | |a Trung tâm Học liệu Trường Đại học Cần Thơ | ||